Aplikácia Johansenovej kointegračnej metódy pri testovaní platnosti parity kúpnej sily na Slovensku

Analýza platnosti dlhodobej parity kúpnej sily (PPP) pre slovenskú korunu vo vzťahu k euru v období január 2002 - júl 2008 na báze Johansenovej kointegračnej metódy.

Salvato in:
Dettagli Bibliografici
Autore principale: Chocholatá, Michaela, 1977-
Natura: Capitolo di libro
Lingua:slovacco
Soggetti:
Tags: Aggiungi Tag
Nessun Tag, puoi essere il primo ad aggiungerne!!

MARC

LEADER 00000naa$a2200000$$$4500
001 0110418
005 20240502072222.7
041 0 |a slo 
044 |a SK 
245 1 0 |a Aplikácia Johansenovej kointegračnej metódy pri testovaní platnosti parity kúpnej sily na Slovensku  |c Michaela Chocholatá 
520 |a Analýza platnosti dlhodobej parity kúpnej sily (PPP) pre slovenskú korunu vo vzťahu k euru v období január 2002 - júl 2008 na báze Johansenovej kointegračnej metódy. 
610 2 0 |a Slovensko 
610 2 0 |a ekonometria 
610 2 0 |a kurz výmenný 
610 2 0 |a euro 
610 2 0 |a parita sily kúpnej 
100 1 |a Chocholatá, Michaela, 1977-